| 000 | 00859nas a2200289 4500 | ||
|---|---|---|---|
| 001 | BR0002624 | ||
| 003 | BR-BrBNA | ||
| 005 | 20231205101853.0 | ||
| 007 | ta | ||
| 008 | 230509b bl.|||p| |||| 00| 00por d | ||
| 040 |
_aBR-BrBNA _bpor _cBiblioteca Nacional de Agricultura |
||
| 041 | _a(Pt) | ||
| 072 | _aF01 | ||
| 100 | 1 | _aWizentier, B. | |
| 100 | 1 | _aMachado, J.O. | |
| 100 | 1 | _aAndrioli, J.L. | |
| 245 | 1 | _aCrescimento do cogumelo comestivel Pleurotus sajor caju em bagaco de cana nao esterilizada | |
| 650 | _aCogumelo Comestivel | ||
| 650 | _aBagaco | ||
| 650 | _aCana de Acucar | ||
| 650 | _aPopulacao Microbiana | ||
| 650 | _aSubstrato de Cultura | ||
| 650 | _aCrescimento | ||
| 773 | 0 |
_tCientifica (Brazil) _xISSN 0100-0039 _g(1996), v. 24(2) p. 341-352 _wBR0002624 |
|
| 909 |
_a202311 _bLúcia _c55 _dLúcia Elande |
||
| 942 |
_2AGRIS _n0 _cANA |
||
| 999 |
_c164438 _d164438 |
||